Textbook of preventive and social medicine
Guardat en:
| Autor principal: | |
|---|---|
| Format: | Llibre |
| Idioma: | anglès |
| Publicat: |
Jaypee Brothers Publishers,
2003
|
| Etiquetes: |
Afegir etiqueta
Sense etiquetes, Sigues el primer a etiquetar aquest registre!
|
MARC
| LEADER | 00000nam a22000007a 4500 | ||
|---|---|---|---|
| 008 | 210125b ||||| |||| 00| 0 eng d | ||
| 020 | |a 81-8061-070-5 | ||
| 100 | |a GUPTA, MC. | ||
| 245 | |a Textbook of preventive and social medicine |c MC Gupta, BK Mahajan. |g xvi, 646p.; ill. | ||
| 250 | |b 3rd ed. | ||
| 260 | |b Jaypee Brothers Publishers, |c 2003 |h New Delhi: |i 692662 |i 692663 |l RA425 .G95 |m Medicine, Preventive. |m Social medicine. | ||
| 500 | |a “It includes references and index” | ||
| 942 | |a lcc |c BK |e Adeniran, F. A |f 25/01/2021 | ||
| 952 | |0 0 |1 0 |2 lcc |4 0 |6 RA0425 G95 |7 0 |9 1728 |a HOL |b HOL |c QZ |d 2021-01-25 |l 0 |o RA425 .G95 |p 2021-0506 |r 2021-01-25 00:00:00 |w 2021-01-25 |y BK | ||
| 952 | |0 0 |1 0 |2 lcc |4 0 |6 RA0425 G95 |7 0 |9 1729 |a HOL |b ML |c QZ |d 2021-01-25 |l 0 |o RA425 .G95 |p 2021-0507 |r 2021-01-25 00:00:00 |w 2021-01-25 |y BK | ||
| 999 | |c 918 |d 918 | ||